[Event "Montreal-A 5th"]
[Site "Montreal"]
[Date "2004.08.07"]
[Round "4"]
[White "Lagno, Kateryna"]
[Black "Zugic, Igor"]
[Result "0-1"]
[WhiteElo "2472"]
[BlackElo "2465"]
[Annotator "Finkel,A"]
[PlyCount "84"]
[EventDate "2004.08.04"]
[EventType "tourn"]
[EventRounds "11"]
[EventCountry "CAN"]
[EventCategory "12"]
[SourceTitle "CBM 103"]
[Source "ChessBase"]
[SourceDate "2004.11.11"]
[SourceVersion "1"]
[SourceVersionDate "2004.11.11"]
[SourceQuality "1"]

1. e4 Nf6 2. e5 Nd5 3. d4 d6 4. Nf3 c6 5. Bc4 Bg4 6. h3 (6. Nbd2) 6... Bxf3 (
6... Bh5 7. g4 Bg6 8. e6 fxe6 9. Bd3 Bxd3 10. Qxd3 g6 11. c4 Nf6 12. Nc3 Na6
13. Bf4 Nc7 14. O-O Bg7 15. Rfe1 $44 {Ulibin,M-Baburin,A/Vienna 1998}) 7. Qxf3
dxe5 8. dxe5 e6 9. O-O Nd7 10. Qg3 Qc7 {Black has a bit passive, but very
solid position.} (10... Qb6 11. Nd2 h5 12. Bxd5 $6 cxd5 13. c4 h4 14. Qf4 Qb4
15. a3 Qa4 16. b3 Qc6 17. Bb2 Nb6 $13 {Lahtinen,M-Puranen,J/Finland 1992}) (
10... Ne7 11. Nd2 Nf5 12. Qc3 Nb6 13. Nf3 Nxc4 14. Qxc4 Be7 $11 {Gachet,
S-Bibikoff,M/France 2002}) 11. Re1 (11. f4 $2 O-O-O 12. a4 Ne7 13. c3 Nf5 14.
Qf3 h5 15. b4 g5 $17 {Farah,R-Szmetan,J/Mar del Plata 1996}) 11... g6 {A
possible plan, even though a queenside castle seems to be more in the spirit
of the position.} (11... O-O-O 12. Nd2 Ne7 13. Qf4 Nf5 14. Nf3 h6 15. Bd3 g5
16. Qa4 Bc5 $13 {Hund,B-Landenbergue,C/Biel 1987}) (11... Ne7 12. Nd2 Ng6 13.
Nf3 Nb6 14. Bd3 Na4 15. c3 Rd8 16. Bc2 Nc5 17. Ng5 $36 {Werner,D-Oberhofer,M/
Bad Woerishofen 1989}) 12. Nd2 Bg7 13. Nf3 O-O (13... b5 14. Bb3 O-O 15. Bg5
Rae8 16. Rad1 h6 17. Bc1 Ne7 18. Qf4 Rd8 19. c3 c5 $132 {Benitez,O-Silva
Sanchez,C/Haifa 1976}) 14. Bg5 h6 15. Bd2 Ne7 16. a4 $6 {[%csl Ra4] It was
better to play 16.a3 since the pawn is extremly vulnerable on a4.} (16. a3 Nf5
17. Qf4 $14) 16... Nf5 17. Qf4 a5 18. Re2 $6 {The pawn on e5 is well-protected,
so I see no point in doubling the rooks over an e-file.} (18. Rad1) 18... Rfd8
19. Rae1 Nc5 20. g4 (20. b3 Rdb8 21. Nd4 Nxd4 22. Qxd4 Qe7 23. Be3 b5 24. Qxc5
Qxc5 25. Bxc5 bxc4 26. bxc4 Rb2 $11) 20... Ne7 21. Qg3 $2 {Giving up a pawn on
a4 for no particular reason.} Nxa4 22. Bc1 b5 23. Ba2 Nd5 24. c3 (24. h4 $2
Ndc3 $19) 24... c5 25. Bb1 Naxc3 $1 {Black passed pawns on the queenside are
nearly unstoppable, meanwhile white's attacking prospects on the kingside are
slim.} 26. bxc3 Nxc3 {[%cal Ga5a2,Gb5b3]} 27. Rb2 Nxb1 28. Rxb1 b4 $19 29. Qf4
(29. h4 c4 30. h5 g5) 29... c4 30. Be3 c3 31. Qe4 Rd5 32. Rec1 Rc8 33. Kg2 Qc6
34. Kg3 Qc4 35. Qc2 Qb5 36. Qb3 Bf8 37. Ra1 Rd3 38. Kg2 c2 39. Qb2 b3 40. Ne1
Rdc3 41. Kg1 a4 42. Bd4 a3 0-1

[Event "American Continental 2nd"]
[Site "Buenos Aires"]
[Date "2003.08.22"]
[Round "5"]
[White "Rodriguez Vila, Andres"]
[Black "Malbran, Guillermo"]
[Result "1-0"]
[WhiteElo "2485"]
[BlackElo "2345"]
[Annotator "Finkel,A"]
[PlyCount "99"]
[EventDate "2003.08.17"]
[EventType "swiss"]
[EventRounds "11"]
[EventCountry "ARG"]
[SourceTitle "CBM 097"]
[Source "ChessBase"]
[SourceDate "2003.11.11"]
[SourceVersion "1"]
[SourceVersionDate "2003.11.11"]
[SourceQuality "1"]

1. e4 Nf6 2. e5 Nd5 3. d4 d6 4. c4 Nb6 5. exd6 exd6 6. Bd3 Nc6 7. Nf3 Bg4 8.
Be3 Be7 9. Nbd2 O-O (9... Bf6 10. h3 (10. Qb3 O-O 11. a3 Bxf3 12. Nxf3 d5 13.
c5 Nc4 14. O-O Re8 15. Rae1 $14 {Nielsen,J-Jorgensen,J/Aalborg 1999}) 10... Bh5
11. Be2 Bg6 12. Qb3 a5 13. Bd3 a4 14. Qa3 O-O 15. O-O Bxd3 16. Qxd3 d5 17. c5
Nc8 $11 {Holmsten,A-Bagirov,V/FIN 1997}) 10. Qc2 $2 {I'm not sure whether
white's piece sacrific was intentional or he just overlooked black's reply.
Anyway after the move in the game white is facing problems.} f5 $1 {
Threatening both Nb4 and f4} (10... h6 11. a3 Bf6 12. h3 Bxf3 13. Nxf3 Re8 14.
O-O-O a5 15. g4 $16 {Winkelmann,A-Niehaus,S/Germany 1997}) 11. a3 f4 12. Bxh7+
Kh8 13. O-O fxe3 14. fxe3 Bg5 {Black is just a piece up. White's only hope is
to create some counterplay over the light squares, so black should be carefull
about that.} (14... Qd7 $1 $17 {[%cal Gg4f5]}) 15. Rae1 Bxf3 (15... Bh6) 16.
Nxf3 Qe7 17. Bd3 Bh6 18. Qb3 a6 (18... Rxf3 19. gxf3 Bxe3+ 20. Kh1 Nxd4 21. Qc3
$13) (18... Rf6 19. Bc2 Raf8 20. Qd3 g6 $17) 19. Bc2 g5 $6 {[%csl Rg6,Rh7]
Black keeps much better chances after this move, but there was no reason to
expose black king.} 20. Nd2 Rxf1+ 21. Nxf1 Na5 (21... Rf8 22. Qd3 Qf7 23. b3
Nd7 $17) 22. Qd3 Naxc4 23. Ng3 Nxb2 $2 {From now on both sides play
inaccurately, missing quite a few promising possibilities.} (23... g4 24. Qg6
Qg7 25. Qh5 Qg5 26. Qf7 Bg7 $19) 24. Qg6 Qg7 25. Qh5 $6 ({After correct} 25.
Qe6 $1 {[%cal Gg3f5]} Nd7 (25... Rf8 26. Nh5 $18) 26. Nf5 Nf8 27. Qb3 Qf6 28.
Qxb7 $18 {white gets decisive advantage.}) 25... Rf8 26. Nf5 Rxf5 27. Bxf5 N6c4
(27... N2c4 $5 28. Rf1 d5 29. Rf3 Nd6 30. Be6 g4 $15) 28. Rf1 d5 29. Rf3 Nd6
30. Be6 c6 (30... g4 $1 31. Bxg4 Qg5 32. Qh3 Nbc4 $17) 31. h4 gxh4 (31... Nbc4)
32. Qxh4 Qg5 33. Qh2 Nbc4 34. Kh1 Kh7 (34... Qg6 35. Qh3 Kg7 $17) 35. Rg3 Qf6
36. Qh3 Ne4 37. Bf5+ Kh8 38. Bxe4 dxe4 39. Qc8+ Qf8 40. Qh3 Nd6 41. Qe6 Nf5 42.
Rh3 Kh7 $2 (42... Kg7 43. g4 Nh4 44. Qe5+ Kg8 $11) 43. Qxe4 $18 {[%cal Gg2g4]}
Kg7 44. Rf3 Bxe3 45. Qg4+ Kh7 46. Rxf5 Qg7 47. Qe4 Qxd4 48. Rf7+ Kh6 49. Qh7+
Kg5 50. Rf5+ 1-0

[Event "Julian Borowski-B 3rd"]
[Site "Essen"]
[Date "2001.05.08"]
[Round "6"]
[White "De Gleria, Francesco"]
[Black "Appel, Ralf"]
[Result "1/2-1/2"]
[WhiteElo "2432"]
[BlackElo "2481"]
[Annotator "Finkel,A"]
[PlyCount "105"]
[EventDate "2001.05.02"]
[EventType "tourn"]
[EventRounds "9"]
[EventCountry "GER"]
[EventCategory "9"]
[SourceTitle "CBM 083"]
[Source "ChessBase"]
[SourceDate "2001.07.05"]
[SourceVersion "1"]
[SourceVersionDate "2001.07.05"]
[SourceQuality "1"]

1. e4 Nf6 2. e5 Nd5 3. d4 d6 4. Nf3 Bg4 5. Be2 e6 6. O-O Be7 7. c4 Nb6 8. Nc3
O-O 9. Be3 N8d7 (9... dxe5 10. Nxe5 Bxe2 11. Qxe2 $14) 10. exd6 cxd6 11. b3 Nf6
12. Nd2 $5 (12. Bf4 Nh5 13. Be3 Nf6 14. Rc1 Rc8 15. h3 Bh5 16. Bf4 d5 17. c5
Nbd7 18. b4 Ne4 19. Ne5 $14 {Belov,A-Khromov,V/Moscow Alekhine op 1996}) (12.
Re1 d5 13. c5 Nbd7 14. b4 Ne4 15. Nxe4 dxe4 16. Nd2 Bxe2 17. Qxe2 f5 18. Qc4 f4
19. Qxe6+ Kh8 20. Nxe4 fxe3 21. Rxe3 $13 {Navara,D-Kobler,M/ECh-u20 2000}) (12.
Rc1 Nbd7 13. h3 Bh5 14. g4 Bg6 15. Nh4 Ne8 16. Nxg6 hxg6 17. f4 Nc7 18. Bf3 $14
{Rechmann,P-Tomaszewski,R/NRW-I 1995}) (12. Qd2 d5 13. c5 Nbd7 14. h3 Bf5 15.
b4 Rc8 16. a4 Ne4 17. Nxe4 Bxe4 18. Rfc1 Bf6 $11 {Schwarz,E-Seils,G/BLW-9293
1993}) 12... Bxe2 (12... Bf5 $6 13. g4 $1 Bg6 14. f4 Qd7 15. h4 $1 h6 16. g5
Ne8 17. Bf3 $14 {[%cal Gd1e2,Ge2g2]}) 13. Qxe2 Re8 14. Rfe1 Nbd7 (14... d5 $5
15. c5 Nbd7 16. Bf4 Rc8 $5 17. Nb5 $1 (17. a3 e5 18. dxe5 Bxc5 $15 {[%cal
Ge8e2]}) 17... e5 18. dxe5 Bxc5 19. Qf3 Ne4 20. Nxe4 dxe4 21. Rxe4 Qb6 22. Nd6
Nxe5 23. Bxe5 Bxd6 24. Bxd6 Qxd6 25. Rxe8+ Rxe8 26. Qxb7 $14) 15. Qf3 Qa5 16.
b4 $1 {Well-calculated pawn sacrifice promising white strong initiative for
the pawn.} (16. Rec1 $13) 16... Qxb4 17. Nb5 Qa5 $5 {[%csl Gc7]} 18. Nb3 (18.
Qxb7 $6 Rab8 19. Qf3 (19. Qxa7 $4 Rxb5 $19) 19... d5 $15 {[%csl Rb5]}) 18...
Qb6 (18... Qd8 19. Qxb7 a6 (19... Qc8 $6 20. Na5 $1 $16) 20. Nc7 Rb8 21. Qa7
Rf8 22. c5 $1 $16) 19. d5 Nc5 20. dxe6 fxe6 21. Nxc5 dxc5 22. Bf4 $1 $36 {
Increasing the pressure.} Bd8 (22... Rac8 23. Rab1 Qa5 24. Qxb7 Qxa2 25. Nxa7
$16) 23. Rab1 Qc6 24. Nd6 (24. Qxc6 bxc6 25. Nd6 Re7 26. Rb7 $14 {[%csl Re6]})
24... Re7 25. Rxb7 Qxf3 26. gxf3 Kf8 (26... Rxb7 27. Nxb7 Bb6 28. Rxe6 $16) 27.
Rb5 $5 (27. Be3 Bb6) (27. Rxe7 Kxe7 28. Nb7 $2 Bb6 29. Bd6+ Kd7 30. Bxc5 Kc6
$19 {[%csl Rb7][%cal Gc6b7,Gc6c5]}) 27... Bc7 $1 (27... Bb6 $6 28. a4 $1 Rd8
29. a5 Bc7 30. Nb7 Rdd7 (30... Rd4 $2 31. Bxc7 Rxc7 32. Nxc5 $18) 31. Bxc7 Rxc7
32. Nxc5 Rc6 33. Rb8+ Kf7 34. Nd3 $16) 28. Rxc5 Ne8 29. Rc6 Bxd6 30. Bxd6 Nxd6
31. Rxd6 Rc8 32. Re4 $6 {Till this move white played extremly good and managed
to get an endgame with winning chanses, but nw he chooses to go the wrong way.}
(32. Rc1 $1 Rec7 33. Rd4 (33. Rxe6 Rxc4 34. Rxc4 Rxc4 35. Ra6 Rc7 36. h4 Kf7 (
36... Ke7 37. Kg2 Kd7 38. Kg3 Kc8 39. a4 Kb7 40. Re6 $16) 37. Kg2 Ke7 38. Kg3
Kf7 $14) 33... Rb8 34. Rc2 Rb4 $14) 32... Rec7 33. Ra6 (33. Rdd4 Ke7 {[%cal
Gc8b8,Gb8b2]}) 33... Rxc4 34. Rxc4 Rxc4 35. Rxa7 Rc2 36. Kg2 h5 37. h4 Kg8 38.
a3 Ra2 39. a4 Kh7 40. Ra5 Kg6 41. f4 Kf6 42. Kg3 Ra3+ 43. f3 g6 44. Ra7 Ra2 45.
a5 Ra4 46. Ra8 Kf7 47. a6 Kg7 48. a7 (48. Kf2 $2 Rxf4 49. Ke3 Rxh4 50. Kd3 Ra4
$15) 48... Ra2 49. Kh3 Kh7 50. Kg3 Kg7 51. f5 exf5 52. Kf4 Ra1 53. Kg5 1/2-1/2

[Event "CUB-ch"]
[Site "Las Tunas"]
[Date "2001.04.02"]
[Round "2"]
[White "Perez Garcia, Rodney Oscar"]
[Black "Almeida Quintana, Omar"]
[Result "1-0"]
[WhiteElo "2471"]
[BlackElo "2426"]
[Annotator "Finkel,A"]
[PlyCount "83"]
[EventDate "2001.04.01"]
[EventType "tourn"]
[EventRounds "16"]
[EventCountry "CUB"]
[EventCategory "9"]
[SourceTitle "CBM 083"]
[Source "ChessBase"]
[SourceDate "2001.07.05"]
[SourceVersion "1"]
[SourceVersionDate "2001.07.05"]
[SourceQuality "1"]

1. e4 Nf6 2. e5 Nd5 3. d4 d6 4. Nf3 Bg4 5. Be2 c6 6. O-O Bxf3 7. Bxf3 dxe5 8.
dxe5 e6 9. Re1 Nd7 10. Qe2 Qc7 11. Nd2 (11. g3 Bc5 12. Nd2 O-O 13. Bg2 a5 14.
Nf3 b5 15. Qe4 Rfb8 16. Bd2 a4 $132 {Leko,P-Onischuk,A/Wijk op 1995 (20)})
11... Bc5 (11... Nf4 12. Qe4 Ng6 13. Nc4 Nb6 (13... Be7 14. Bd2 O-O 15. Rad1
Rad8 16. Ba5 b6 17. Bc3 Nh4 $13 {Chandler,M-Burgess,G/London Lloyds 1993}) 14.
Nxb6 axb6 15. Bh5 Ra5 16. f4 Nh4 17. b4 Ra4 18. c3 $14 {Hjartarson,
J-Halldorsson,G/ISL-ch 1994}) 12. Nb3 Bb6 13. Bg5 (13. Bd2 a5 14. Rad1 (14. c4
$6 Ne7 15. Bc3 a4 16. Nd2 Ng6 17. Rad1 Ba5 $1 $17 {[%csl Re5] Betko,L-Sergeev,
V/SVK-ch 1994}) 14... a4 15. Nc1 a3 16. b3 Bd4 17. Bxd5 cxd5 18. c4 Bxe5 19.
cxd5 O-O 20. dxe6 fxe6 {1/2-1/2 Jansa,V-Baburin,A/7th Monarch Assurance 1998})
13... h6 $6 {Black has to be very carefull to make the moves weakening the
position of the king, espacially if there was no reason for this.} (13... a5
14. Nd2 Bd4 15. Nc4 b5 16. Rad1 $5 Bxf2+ 17. Kxf2 bxc4 18. Qxc4 $14) (13... O-O
) 14. Bd2 a5 15. Rad1 Ne7 (15... O-O 16. Qe4 (16. c4 $6 Ne7 17. Bc3 Rfd8 18.
Be4 a4 19. Nd2 Ba5 $15) 16... a4 17. Nc1 Rfd8 18. Nd3 Nc5 19. Nxc5 Bxc5 $14)
16. Nc1 Nf5 (16... Ng6 $6 17. Nd3 Bd4 18. Bh5 $1 $16 Ngxe5 $2 (18... Ndxe5 19.
Nxe5 Qxe5 20. Qxe5 Nxe5 21. Bf4 $18 {[%cal Gd1d4]}) 19. Bf4 $1 $18 {[%csl Re5]
[%cal Gf4c7,Gh5e8]}) 17. Bg4 Nd4 $6 (17... Nc5 $5) 18. Qe4 $16 {[%csl Rd4]}
O-O-O 19. c3 f5 $5 {This pawn sacrifice is probably the best what black has in
the position, but black has to play precisely to kee th initiative.} (19... Nc5
20. Qb1 Nb5 $16) 20. exf6 Nxf6 21. Bxe6+ Kb8 $6 (21... Nxe6 22. Qxe6+ Kb8 {
[%csl Rf2][%cal Gh8e8]}) 22. Qf4 {[%cal Gf4b8]} Nxe6 23. Rxe6 Qxf4 (23... Rd7
$1 24. Rde1 (24. Qxc7+ $2 Bxc7 {[%cal Gd7d1]} 25. Ree1 Rhd8 26. Nb3 a4 27. Nd4
c5 28. Nf3 b5 $132) 24... Ng4 $1 25. R6e2 (25. Qxc7+ Bxc7 $11 {[%csl Rd2,Rh2]})
25... Rhd8 $1 26. Qxg4 Rxd2 27. Nb3 Rxe2 28. Qxe2 Qf4 $1 $14) 24. Bxf4+ Bc7 25.
Bxc7+ Kxc7 26. Ree1 Rhe8 (26... Rxd1 27. Rxd1 Re8 28. Kf1 $18 {[%cal Gd1e1]})
27. Kf1 Rxd1 28. Rxd1 Ne4 $6 (28... Re7) 29. f3 Nd6 30. Re1 $18 Rxe1+ 31. Kxe1
Nc4 32. Nd3 Kd6 33. Ke2 a4 34. h4 g5 $6 (34... b5 35. b3 Nb6 36. Ke3 c5) 35.
hxg5 hxg5 {[%csl Rg5]} 36. b3 axb3 37. axb3 Na5 (37... Nb6 38. c4 Nd7 39. Ke3
$18) 38. b4 Nc4 39. Nc5 b6 40. Ne4+ Ke5 41. Nxg5 Kf4 42. Ne4 1-0

[Event "Steinitz Memorial-A 1st"]
[Site "Prague"]
[Date "2000.12.31"]
[Round "6"]
[White "Santo Roman, Marc"]
[Black "Pribyl, Josef"]
[Result "1-0"]
[WhiteElo "2418"]
[BlackElo "2376"]
[Annotator "Finkel,A"]
[PlyCount "123"]
[EventDate "2000.12.26"]
[EventType "tourn"]
[EventRounds "9"]
[EventCountry "CZE"]
[EventCategory "8"]
[SourceTitle "CBM 081"]
[Source "ChessBase"]
[SourceDate "2001.03.20"]
[SourceVersion "1"]
[SourceVersionDate "2001.03.20"]
[SourceQuality "1"]

{[%mdl 4144]} 1. e4 Nf6 2. e5 Nd5 3. d4 d6 4. Nf3 Bg4 5. Be2 c6 6. Ng5 {
This continuation promises white nothing special, but leads to very
comfortable play without any danger of losing.} Bxe2 (6... Bf5 $1) 7. Qxe2 h6 (
7... dxe5 8. dxe5 h6 (8... e6 9. O-O Be7 10. Nf3 O-O 11. c4 Nb6 12. Nc3 N8d7
13. Bf4 Qc7 14. Ne4 $16 {Oll,L-Kanikevich,A/Sydney Cepacol 1991}) 9. Nf3 e6 10.
O-O Nd7 11. b3 Qc7 12. c4 Ne7 13. Nbd2 Ng6 14. Bb2 Be7 15. Rfd1 $14 {Ovetchkin,
R-Bratchenko,A/RUS-chT 1995}) 8. Ne4 dxe5 9. dxe5 Qa5+ $5 (9... e6 10. O-O Nd7
11. f4 (11. c4 N5b6 12. Rd1 Be7 13. Nbc3 Kf8 14. Be3 Qc7 15. f4 $16 {Milov,
L-Pribyl,J/Schwaebisch Gmuend op 1997}) 11... Qb6+ (11... Nc5 12. Nbd2 Nb4 13.
Nf3 Nxe4 14. Qxe4 Qd5 15. Qxd5 $6 cxd5 16. c3 Bc5+ $15 {Dudas,J-Sarkozy,L/
SVK-chT 1994}) 12. Kh1 Nc5 13. Nbd2 Qa6 14. Qxa6 Nxa6 15. Nc4 $14 {Joecks,
C-Windt,A/OL-NN9495}) 10. c3 e6 11. Nbd2 Nb6 (11... b5 $5 12. O-O Nd7 13. f4 (
13. c4 Nf4 14. Qe3 Ng6 15. Nb3 Qc7 $13) 13... Qb6+ 14. Kh1 Qe3 $11) 12. Nf3 (
12. f4) 12... N8d7 13. Bf4 Qb5 (13... Be7 14. O-O O-O 15. c4 $14) 14. Qc2 Nc5 (
14... Nc4 15. O-O-O Ndxe5 16. Nxe5 Nxe5 17. Qd2 Be7 18. Bxe5 Qxe5 19. Qd7+ Kf8
20. Qxb7 Qf4+ 21. Rd2 Rd8 22. Rhd1 $16) 15. Nxc5 Bxc5 16. a4 Qc4 17. Bg3 O-O-O
(17... Rd8 18. Nd2 $6 (18. a5 Nd5 19. Qe2 (19. Nd2 Nb4 20. O-O-O Nd3+ 21. Kb1
Qd5 22. Nb3 $14 {[%cal Gd1d8]}) 19... Qxe2+ 20. Kxe2 a6 21. Rhd1 Ne7 22. Rxd8+
Kxd8 23. Rd1+ Kc8 $14) 18... Qd5 19. Ne4 Nc4 $11) 18. a5 Nd5 19. Qe2 Qxe2+ 20.
Kxe2 $14 {In the arising endgame white has slightly better chances due to a
certain advantage in space and the possibility to penitrate to d6.} Rd7 21. h4
a6 $6 (21... h5 22. Ng5 Rhd8 23. Ne4 Be7 24. Rhd1 Nc7 $11) 22. h5 Be7 23. Nd2
Bg5 24. Nc4 Kc7 25. Raf1 c5 (25... Rhd8) 26. f4 Bd8 27. Bh4 $1 $14 {[%csl Gd6]}
Kc6 28. Bxd8 Rhxd8 29. Nd6 f6 30. g3 (30. Nc4 Kb5 $1 $17) 30... Ne7 31. Rd1 Nf5
$5 32. Nxf5 exf5 (32... Rxd1 33. Ne7+ Kd7 34. Rxd1+ Kxe7 35. Rxd8 Kxd8 36. exf6
gxf6 37. g4 Ke7 38. Kd3 Kd6 39. Ke4 $14) 33. Rxd7 Rxd7 34. exf6 gxf6 35. c4 b5
$6 ({I don't see how white manages to make any progress after} 35... Re7+ 36.
Kf3 (36. Kd3 Re4) 36... Re4 37. b3 Rd4 $11) 36. axb6 Kxb6 37. Ra1 a5 $6 {
Looking for active counterplay, which finally turns out losing.} (37... Rd4)
38. b3 Ka6 $2 (38... Rd4 $11) 39. Rc1 Rb7 $6 40. Rc3 a4 (40... Re7+ 41. Kf3 Rd7
42. g4 Kb6 43. gxf5 Kc6 44. Re3 Rd6 45. Re8 (45. Kg4 Kd7 46. Kh4 Rd4) 45...
Rd3+ 46. Ke4 Rxb3 47. Re6+ Kd7 48. Rxf6 $18) 41. bxa4 Ka5 42. Rd3 Kxa4 $6 (
42... Kb4 $5) 43. Rd6 Rb2+ (43... Kb4 44. Rxf6 Kxc4 45. Rxf5 Kd4 46. Rf6 c4 47.
Rxh6 Rb2+ 48. Kf3 c3 49. Rc6 c2 50. Kg4 $18) 44. Kf3 Rb3+ 45. Kg2 Kb4 46. Rxf6
Kxc4 47. Rxf5 Rb6 48. g4 Kd4 49. g5 c4 50. g6 Rb8 51. Rf7 c3 (51... Rc8 52. g7
Rg8 53. f5 c3 54. f6 $18) 52. Rc7 Rb1 53. Rc6 Ra1 54. f5 Kd5 55. Rxc3 Ke5 56.
Rc8 Ra2+ 57. Kf3 Ra3+ 58. Ke2 Ra2+ 59. Kd3 Ra3+ 60. Kc4 Ra1 61. Rf8 Rg1 62. f6
1-0

[Event "Bundesliga 0304"]
[Site "Germany"]
[Date "2004.02.15"]
[Round "8.8"]
[White "Teske, Henrik"]
[Black "Loeffler, Stefan"]
[Result "1-0"]
[WhiteElo "2518"]
[BlackElo "2413"]
[Annotator "Finkel,A"]
[PlyCount "71"]
[EventDate "2003.11.01"]
[EventType "team-tourn"]
[EventRounds "15"]
[EventCountry "GER"]
[SourceTitle "CBM 100"]
[Source "ChessBase"]
[SourceDate "2004.06.01"]
[SourceVersion "1"]
[SourceVersionDate "2004.06.01"]
[SourceQuality "1"]
[WhiteTeam "Tegernsee"]
[BlackTeam "Kreuzberg"]
[WhiteTeamCountry "GER"]
[BlackTeamCountry "GER"]

1. e4 Nf6 2. e5 Nd5 3. d4 d6 4. exd6 exd6 5. Nf3 Bg4 6. c4 {Interesting
continuation leading to a sharp tactical struggle with mutual chances.} (6. h3
Qe7+ 7. Be2 Bxf3 8. gxf3 Nd7 9. c4 N5b6 10. Be3 g6 11. h4 h5 12. Nc3 Bg7 $13 {
De Wit,M-Antoniewski,R/Gent 2001}) (6. Be2) 6... Qe7+ $5 (6... Nb6 7. Nc3 Be7
8. Be2 O-O 9. O-O Re8 10. h3 Bh5 $13) 7. Be2 ({Nothing promised} 7. Kd2 $5 Nf6
8. Bd3 d5 9. Re1 Be6 10. Nc3 dxc4 11. Bxc4 Nc6 12. Qb3 O-O-O $11 {with equality
}) 7... Bxf3 8. gxf3 Nb6 9. Nc3 g6 10. Be3 N8d7 11. Qc2 Bg7 12. O-O-O c6 $6 {
Black is looking for complications.} (12... O-O-O) 13. h4 Nf6 14. f4 d5 15. c5
Nc4 16. Bxc4 dxc4 17. Qa4 (17. f5 $5) 17... O-O 18. Qxc4 (18. f5 Ng4 19. fxg6
hxg6 20. Rde1 b5 21. cxb6 c5 $5 (21... axb6 22. Qxc6 Rfc8 23. Qg2 Nxe3 24. fxe3
b5 25. h5 $18) 22. Qxc4 (22. Nd5 $6 Qb7 23. Qc6 Qxc6 24. Ne7+ Kh7 25. Nxc6 axb6
26. h5 g5 $36) 22... axb6 23. Kb1 Nxe3 24. fxe3 Rfe8 $132) 18... b5 19. Qb3 (
19. cxb6 axb6 20. f5 b5 21. Qb3 b4 22. Ne2 Qe4 23. fxg6 hxg6 $44) 19... a5 20.
d5 $6 {[%cal Gg7b2] After this move the black bishop becomes extremly
dangerous, so it was better to push f5 without opening the diagonal a1-h8.} (
20. f5 a4 (20... b4 21. Na4 Nd5 22. fxg6 fxg6 23. Nb6 Rad8 24. h5 $16) 21. Qc2
Rfe8 22. fxg6 fxg6 23. Bg5 $14) 20... a4 21. Qb4 Nxd5 22. Nxd5 cxd5 23. Rxd5 a3
24. b3 Qf6 25. Qd4 Qc6 26. Qd3 Qf6 27. Qd4 (27. Bd4 Qxf4+ 28. Qe3 Qg4 29. Bxg7
Kxg7 30. h5 Kg8 31. h6 $14) 27... Qe7 $6 (27... Qc6 28. Qd2 $5 $14) 28. Rd7 Qe6
29. Qd6 $16 Qe4 $6 (29... Qf5 30. h5 b4 31. hxg6 Bb2+ 32. Kd2 Bc3+ 33. Ke2 hxg6
34. Qd3 Qg4+ 35. Kf1 $16) 30. Qd5 Bb2+ (30... Qb4 31. Qd3 $16 {[%csl Gc3]}) 31.
Kd2 Qb4+ 32. Ke2 Bf6 33. Rxf7 $1 $18 Rxf7 34. Qxa8+ Kg7 35. h5 gxh5 36. Rg1+
1-0